UM Logo

English language & journalism : (Record no. 18535)

MARC details
000 -LEADER
fixed length control field 00687nam a2200181 4500
008 - FIXED-LENGTH DATA ELEMENTS--GENERAL INFORMATION
fixed length control field 231129b ||||| |||| 00| 0 eng d
020 ## - INTERNATIONAL STANDARD BOOK NUMBER
International Standard Book Number 9789394080003
082 ## - DEWEY DECIMAL CLASSIFICATION NUMBER
Edition number 2023
Classification number DC 420
Item number V423
100 ## - MAIN ENTRY--PERSONAL NAME
Personal name Vardhan, Peeta Bobby.
9 (RLIN) 50241
245 ## - TITLE STATEMENT
Title English language & journalism :
Remainder of title inseparable twins /
Statement of responsibility, etc. Peeta Bobby Vardhan and Challa Krishnaveer Abhishek.
260 ## - PUBLICATION, DISTRIBUTION, ETC. (IMPRINT)
Place of publication, distribution, etc. India :
Name of publisher, distributor, etc. Dominant Publisher & distributors Pvt Ltd.,
Date of publication, distribution, etc. ©2023.
300 ## - PHYSICAL DESCRIPTION
Extent xix, 373 pages :
Other physical details illustrations ;
Dimensions 23 cm.
500 ## - GENERAL NOTE
General note Includes references and index.
650 ## - SUBJECT ADDED ENTRY--TOPICAL TERM
Topical term or geographic name as entry element English language.
9 (RLIN) 50242
650 ## - SUBJECT ADDED ENTRY--TOPICAL TERM
Topical term or geographic name as entry element Journalism.
9 (RLIN) 50243
700 ## - ADDED ENTRY--PERSONAL NAME
Personal name Abhishek, Challa Krishnaveer.
Relator term author.
9 (RLIN) 50244
942 ## - ADDED ENTRY ELEMENTS (KOHA)
Source of classification or shelving scheme Dewey Decimal Classification
Koha item type Circulation
Holdings
Withdrawn status Lost status Source of classification or shelving scheme Damaged status Not for loan Collection code Home library Current library Date acquired Source of acquisition Total Checkouts Full call number Barcode Date last seen Price effective from Koha item type
    Dewey Decimal Classification     Circulation UM Digos College - LIC UM Digos College - LIC 08/08/2023 Purchased   DC 420 V423 2023 27293 05/15/2025 11/29/2023 Circulation